The eighteenth-century French novel : techniques of illusion /

Bibliographic Details
Main Author: Mylne, Vivienne
Format: Book
Language:English
Published: Cambridge ; New York : Cambridge University Press, 1981.
Edition:2nd ed.
Subjects:

MARC

Tag First Indicator Second Indicator Subfields
LEADER 00000pam a2200000 a 4500
001 in00000077822
005 20151008055030.0
008 810430s1981 enk b 00110 eng
010 |a  81003911  
020 |a 0521238641 
020 |a 0521282667 (pbk.) 
035 |a (OCoLC)07553454 
035 |9 AAJ2372AM 
039 0 |a 2  |b 3  |c 3  |d 3  |e 3 
040 |a DLC  |c DLC  |d TXA  |d UtOrBLW 
043 |a e-fr--- 
049 |a TXAM  |c [933032] 
050 0 0 |a PQ648  |b .M9 1981 
082 0 |a 843/.5/09  |2 19 
100 1 |a Mylne, Vivienne. 
245 1 4 |a The eighteenth-century French novel :  |b techniques of illusion /  |c by Vivienne Mylne. 
250 |a 2nd ed. 
264 1 |a Cambridge ;  |a New York :  |b Cambridge University Press,  |c 1981. 
300 |a viii, 293 pages ;  |c 23 cm. 
336 |a text  |b txt  |2 rdacontent 
337 |a unmediated  |b n  |2 rdamedia 
338 |a volume  |b nc  |2 rdacarrier 
500 |a Includes index. 
504 |a Bibliography: pages 282-288. 
650 0 |a French fiction  |y 18th century  |x History and criticism. 
999 |a MARS 
999 f f |s 0c1aeeba-91e9-3671-9dbd-0992f6d312f8  |i ffb3d22d-ca5f-3332-80bc-1fb4fc5f40d8  |t 0 
952 f f |p normal  |a Texas A&M University  |b College Station  |c Sterling C. Evans Library  |d Evans: Library Stacks  |t 0  |e PQ648 .M9 1981  |h Library of Congress classification  |i unmediated -- volume  |m A14806180083 
998 f f |a PQ648 .M9 1981  |t 0  |l Evans: Library Stacks